El movimiento portuario de Acapulco (Record no. 1934)

MARC details
000 -CABECERA
campo de control de longitud fija 01189nam a2200265 a 4500
001 - NÚMERO DE CONTROL
campo de control BRCA_2178
005 - FECHA Y HORA DE LA ÚLTIMA TRANSACCIÓN
campo de control 20190320203713.0
008 - DATOS DE LONGITUD FIJA--INFORMACIÓN GENERAL
campo de control de longitud fija 991124s2000 mx-#---###---#000-0#spa-#
020 ## - NÚMERO INTERNACIONAL ESTÁNDAR DEL LIBRO
Número Internacional Estándar del Libro 9688568201
040 ## - FUENTE DE LA CATALOGACIÓN
Centro catalogador/agencia de origen DLC
Centro/agencia transcriptor DLC
050 #4 - SIGNATURA TOPOGRÁFICA DE LA BIBLIOTECA DEL CONGRESO
Número de clasificación HE771
Número de documento/Ítem .S29 2000
100 1# - ENTRADA PRINCIPAL--NOMBRE DE PERSONA
Nombre de persona Sales Colín, Ostwald
9 (RLIN) 6572
245 10 - MENCIÓN DE TÍTULO
Título El movimiento portuario de Acapulco
Resto del título el protagonismo de Nueva España en la relación con Filipinas : 1587-1648
Mención de responsabilidad, etc. Ostwald Sales Colín.
260 ## - PUBLICACIÓN, DISTRIBUCIÓN, ETC.
Lugar de publicación, distribución, etc. México
Nombre del editor, distribuidor, etc. Plaza y Valdés
Fecha de publicación, distribución, etc. 2000
300 ## - DESCRIPCIÓN FÍSICA
Extensión 206 p.
Dimensiones 23 cm.
500 ## - NOTA GENERAL
Nota general Apéndice I. Entrada y salida de barcos del puerto de Acapulco. Apéndice II. Géneros remitidos de Nueva España a Filipinas. Apéndice III. Valores de los pertrechos, bastimentos y matalotajes
504 ## - NOTA DE BIBLIOGRAFÍA, ETC.
Nota de bibliografía, etc. Bibliografía : p. 201-206
650 14 - PUNTO DE ACCESO ADICIONAL DE MATERIA--TÉRMINO DE MATERIA
Término de materia o nombre geográfico como elemento de entrada Marina mercante
Subdivisión general Historia
Subdivisión cronológica Siglos XVI y XVII
Subdivisión geográfica México
9 (RLIN) 6573
650 14 - PUNTO DE ACCESO ADICIONAL DE MATERIA--TÉRMINO DE MATERIA
Término de materia o nombre geográfico como elemento de entrada Piratas
Subdivisión general Historia
Subdivisión cronológica Siglo XVII
Subdivisión geográfica Oceano Pacífico
9 (RLIN) 6574
650 14 - PUNTO DE ACCESO ADICIONAL DE MATERIA--TÉRMINO DE MATERIA
Término de materia o nombre geográfico como elemento de entrada Puertos
Subdivisión general Historia
Subdivisión cronológica Siglos XVI y XVII
Subdivisión geográfica México
9 (RLIN) 6575
651 #4 - PUNTO DE ACCESO ADICIONAL DE MATERIA--NOMBRE GEOGRÁFICO
Nombre geográfico México
Subdivisión general Historia
Subdivisión cronológica Colonia española, 1540-1810
9 (RLIN) 394
651 #4 - PUNTO DE ACCESO ADICIONAL DE MATERIA--NOMBRE GEOGRÁFICO
Nombre geográfico Filipinas
Subdivisión general Comercio
Subdivisión geográfica Nueva España
9 (RLIN) 6576
651 #4 - PUNTO DE ACCESO ADICIONAL DE MATERIA--NOMBRE GEOGRÁFICO
Nombre geográfico Nueva España
Subdivisión general Comercio
Subdivisión geográfica Filipinas
9 (RLIN) 6577
942 ## - ELEMENTOS DE PUNTO DE ACCESO ADICIONAL (KOHA)
Fuente del sistema de clasificación o colocación Library of Congress Classification
Tipo de ítem Koha Libros
Holdings
Estado de retiro Estado de pérdida Estado dañado No para préstamo Localización permanente Ubicación/localización actual Fecha de adquisición Total de préstamos Signatura topográfica completa Código de barras Fecha visto por última vez Precio válido a partir de Tipo de ítem Koha
El ejemplar forma parte de la colección y puede ser consultado según las políticas vigentes.       Biblioteca del Museo Franz Mayer (Rogerio Casas-Alatriste) Biblioteca del Museo Franz Mayer (Rogerio Casas-Alatriste) 14/08/2008   HE771 .S29 2000 01232 22/03/2019 22/03/2019 Libros